Регионална библиотека "Любен Каравелов" - Русе

Единое на потребу (Лук. 10, 41) (Запис номер 106686)

MARC детайли
000 -Лидер
Контролно поле с фиксирана дължина nam a22 a 4500
003 - Код на организацията, давaща контролен номер
Контролно поле BLK
005 - Дата и час на последна редакция
Контролно поле 20201023105908.0
008 - Елементи от данни с фиксирана дължина
fixed length control field 180409b bul|||||r ||||||| ||bul||
010 ## - Наследен системен номер
LC control number KNG00111949000
040 ## - Източник на каталожния запис
Идентификатор на билиотеката - собственик на записа BLK
041 ## - Код за език
Код за езика на текст/звукозапис или на отделно заглавие Руски
Код за езика КДБФ Руски
072 #7 - Код за тематичната категория
Код организация bullib
Код за тематична категория Ц
Текст Редки и ценни
080 ## - УДК
Текстов определител УДК Учение за спасението. Милосърдие. Вяра
УДК код - определител по УДК 234
УДК - код + определител 234
139 ## - Редно поле
Редна дума Единое на потребу (Лук. 10, 41)
Авторски знак Еди - Е 29
245 10 - Сведения за заглавието
Заглавие Единое на потребу (Лук. 10, 41)
Подзаглавни данни Душеполезныя размышления, извлеченныя преимущественно из творений св. Отцев церкви
250 ## - Област на изданието
Сведения за изданието 5. изд.
257 ## - Страна на издаване
Страна на създаване/издаване Русия
260 ## - Област на издателските данни
Име на издателя, разпространителя и проч. Типо-Литогр. И. Ефимова
Година на издаване 1895
Място на издаване, разпространение и проч. Москва
300 ## - Физическа характеристика
Страници 29 с.
Размери/Мащаб 23 см
380 ## - Жанр
Жанр Религия. Теология
490 ## - СЕРИИ (Колекции)
9 (RLIN) 435080
Име на серия Колекция Редки и ценни издания
500 ## - Общи забележки
Забележка Изд. Афонскаго Рус. Пантелеймонова монастыря.
650 #4 - Допълнително описание по предмет – тема
Основно описание – тема или топоним Християнство
9 (RLIN) 176914
650 #4 - Допълнително описание по предмет – тема
Основно описание – тема или топоним Вяра
9 (RLIN) 151636
653 ## - Ключова дума – ненормативна
Ключова дума християнство
653 ## - Ключова дума – ненормативна
Ключова дума вяра
653 ## - Ключова дума – ненормативна
Ключова дума православие
659 ## - Тематичен бюлетин
Тематичен бюлетин Ц
852 ## - Местоположение
Форматна сигнатура Рр 895
Фондова буква Редки и ценни
856 4# - Електронен адрес и достъп
Електронен формат pdf - файл
999 ## - СИСТЕМНИ КОНТРОЛНИ НОМЕРА
Koha biblionumber 106686
Koha biblioitemnumber 106686
942 ## - АРТИКУЛИ
Вид на библиотечния материал Книги
Скрит в OPAC Не
Периодичен библиозапис Да
944 ## - СЪЗДАВАНЕ И РЕДАКЦИЯ на ЗАПИСА
Създаване/Редакция Създаване
Дата на регистрацията/редакция 26.03.2004
Служител, извършил регистрацията/редакцията Людмила_Стоянова
944 ## - СЪЗДАВАНЕ И РЕДАКЦИЯ на ЗАПИСА
Създаване/Редакция Редакция
Дата на регистрацията/редакция 2020-10-23
999 ## - СИСТЕМНИ КОНТРОЛНИ НОМЕРА
Koha biblioitemnumber 106686
Наличности
Код за отписване Код за изгубен артикул Източник на класификационната схема Код за повреда Коз за рестрикции Код за отдаване Артикулен № Име на библиотеката - собственик Име на библиотеката, в която се намира в момента Статус (Текущо местоположение) Дата на вписване в системата Местоположение - отдел Цена в лева Инвентарен номер Систематично азбучна сигнатура Баркод Номер на екземпляра Цена в евро Служебна бележка Служебен тип на артикула
  Не е изгубен Universal Decimal Classification Не е повреден само за читалня Специални фондове ( старопечатни, редки и ценни, фонд М. Арнаудов) 172045 Регионална библиотека "Любен Каравелов" Русе Регионална библиотека "Любен Каравелов" Русе Редки и ценни 2004-03-26 Редки и ценни 20.00 120000683977 Рр 895 120000683977 1 10.23 Дост: DA Вид: А N: 8 Дата: 26.03.2004 Дата инв: 15.12.2016 Бележки инв: Рц2016 Книги
Vip Innovations Ltd, Rousse, Bulgaria 2025